Normal view MARC view
  • Shakyawal, Ankita

Entry Personal Name

Number of records used in: 1

001 - CONTROL NUMBER

  • control field: 213154

003 - CONTROL NUMBER IDENTIFIER

  • control field: OSt

005 - DATE AND TIME OF LATEST TRANSACTION

  • control field: 20250917115427.0

008 - FIXED-LENGTH DATA ELEMENTS

  • fixed length control field: 250917|| aca||aabn | a|a d

040 ## - CATALOGING SOURCE

  • Original cataloging agency: OSt
  • Transcribing agency: OSt

100 ## - HEADING--PERSONAL NAME

  • Personal name: Shakyawal, Ankita

670 ## - SOURCE DATA FOUND

  • Source citation: Work cat.: (OSt)367830: Shakyawal, Ankita, Comprehensive Textbook of Child Health Nursing with Procedure For B.Sc. Nursing Students (Semester - V & VI ) As per New 2021 INC Syllabus (Edn.2024)